[Event "Pion Frigant U1700"]
[Site "Contrecoeur CAN"]
[Date "2023.10.08"]
[Round "5.34"]
[White "Morais, Antoine"]
[Black "Laporte, Michel"]
[Result "1-0"]
[WhiteElo "1531"]
[BlackElo "1517"]
[PlyCount "49"]
[EventDate "2023.10.06"]
[EventType "swiss"]
[EventRounds "5"]
[EventCountry "CAN"]

1. e4 d6 2. d4 g6 3. Nc3 Bg7 4. Be3 Nf6 5. Qd2 O-O 6. O-O-O Ng4 7. Bg5 h6 8.
Bh4 g5 9. Bg3 e5 10. Nge2 Nc6 11. dxe5 Ngxe5 12. h4 Bg4 13. f3 Nxf3 14. gxf3
Bxf3 15. Rh2 Bxc3 16. Qxc3 Bxe4 17. hxg5 Qxg5+ 18. Bf4 Qg4 19. Rxh6 Qg7 20.
Qxg7+ Kxg7 21. Bg2 Bxg2 22. Rg1 Ne7 23. Rxg2+ Ng6 24. Ng3 Nxf4 25. Nf5# 1-0

[Event "Pion Frigant U1700"]
[Site "Contrecoeur CAN"]
[Date "2023.10.08"]
[Round "5.35"]
[White "Bergeron, Jean-Guy"]
[Black "Sonko, Babacar"]
[Result "0-1"]
[WhiteElo "1430"]
[BlackElo "1581"]
[PlyCount "95"]
[EventDate "2023.10.06"]
[EventType "swiss"]
[EventRounds "5"]
[EventCountry "CAN"]

1. c4 f5 2. d4 e6 3. Nc3 Nf6 4. Bg5 Bb4 5. Qc2 Bxc3+ 6. bxc3 d5 7. cxd5 exd5 8.
Nh3 O-O 9. Nf4 h6 10. Bxf6 Rxf6 11. Qb3 c6 12. h4 Qc7 13. Nh5 Rf8 14. e3 Re8
15. O-O-O a5 16. a4 Qd6 17. Nf4 Nd7 18. c4 Nf6 19. c5 Qc7 20. f3 Bd7 21. Be2
Rab8 22. Kd2 b6 23. cxb6 Rxb6 24. Qa2 Reb8 25. Rb1 Qb7 26. Rxb6 Qxb6 27. Nd3
Nh5 28. Ne5 Qb4+ 29. Kc2 Be8 30. Rb1 Qxb1+ 31. Qxb1 Rxb1 32. Kxb1 Kf8 33. Bd3
Ng3 34. Kc1 Ke7 35. Ba6 Kd6 36. Kd2 c5 37. Bb5 Bxb5 38. axb5 c4 39. b6 Nh5 40.
Kc3 Nf6 41. b7 Kc7 42. Nc6 Kxb7 43. Nxa5+ Kb6 44. Kb4 h5 45. g3 g6 46. Ka4 Nd7
47. Kb4 Kc7 48. Ka4 {...} 0-1

[Event "Pion Frigant U1700"]
[Site "Contrecoeur CAN"]
[Date "2023.10.08"]
[Round "5.36"]
[White "Renaud, Max-Etienne"]
[Black "Gagnon, Derek"]
[Result "1/2-1/2"]
[WhiteElo "1347"]
[BlackElo "1506"]
[PlyCount "45"]
[EventDate "2023.10.06"]
[EventType "swiss"]
[EventRounds "5"]
[EventCountry "CAN"]

1. e4 c5 2. Nf3 d6 3. d4 cxd4 4. Nxd4 Nf6 5. Nc3 a6 6. Bd3 e5 7. Nb3 Be7 8. O-O
O-O 9. Nd5 b5 10. Nxe7+ Qxe7 11. Bg5 Nbd7 12. f4 h6 13. Bh4 exf4 14. Bxf6 Qxf6
15. Qf3 Ne5 16. Qxf4 Qxf4 17. Rxf4 Bb7 18. Rd1 Rac8 19. Rf2 Nxd3 20. cxd3 Rfe8
21. Nd4 d5 22. exd5 Red8 23. Rc2 1/2-1/2

[Event "Pion Frigant U1700"]
[Site "Contrecoeur CAN"]
[Date "2023.10.08"]
[Round "5.37"]
[White "Zlotnikov, Jonathan"]
[Black "Roy, Nicholas"]
[Result "1-0"]
[WhiteElo "1466"]
[BlackElo "997"]
[PlyCount "69"]
[EventDate "2023.10.06"]
[EventType "swiss"]
[EventRounds "5"]
[EventCountry "CAN"]

1. e4 e6 2. d4 d5 3. e5 c5 4. c3 Qb6 5. Nf3 Bd7 6. Na3 a6 7. Nc2 Bb5 8. Bxb5+
Qxb5 9. a4 Qd7 10. O-O Nc6 11. Bd2 Nh6 12. b4 cxd4 13. cxd4 Nf5 14. b5 Ncxd4
15. Ncxd4 Nxd4 16. Nxd4 Be7 17. Qb3 O-O 18. Bb4 a5 19. Bxe7 Qxe7 20. Rfc1 Rfc8
21. Rc2 Rc4 22. Rxc4 dxc4 23. Qxc4 Qb4 24. Qxb4 axb4 25. Nc2 b3 26. Ne3 Rc8 27.
Rb1 b2 28. Rxb2 Rc1+ 29. Nf1 Ra1 30. Rc2 h6 31. Rc7 Rxa4 32. Rxb7 Rb4 33. b6
Rb5 34. f3 Kh7 35. Ne3 1-0

[Event "Pion Frigant U1700"]
[Site "Contrecoeur CAN"]
[Date "2023.10.08"]
[Round "5.38"]
[White "Matte, Jean-Michel"]
[Black "St-Laurent, Luc"]
[Result "1-0"]
[WhiteElo "1410"]
[BlackElo "1315"]
[PlyCount "75"]
[EventDate "2023.10.06"]
[EventType "swiss"]
[EventRounds "5"]
[EventCountry "CAN"]

1. d4 d5 2. c4 e6 3. Nc3 Nf6 4. cxd5 exd5 5. Bg5 c6 6. e3 h6 7. Bh4 g5 8. Bg3
Bf5 9. Bd3 Bxd3 10. Qxd3 Bg7 11. Nf3 O-O 12. O-O-O Re8 13. h4 g4 14. Ne5 Nbd7
15. f3 Nxe5 16. Bxe5 Qd7 17. fxg4 Qxg4 18. Rdf1 Nh5 19. Bxg7 Kxg7 20. Ne2 Re4
21. g3 Rae8 22. Kd2 Rxe3 23. Qxe3 Rxe3 24. Kxe3 Qe4+ 25. Kd2 f5 26. Rhg1 Kf6
27. g4 Ng7 28. Rf4 Qe7 29. gxf5 Qb4+ 30. Kc2 Qc4+ 31. Nc3 Nh5 32. Rg6+ Kf7 33.
Rfg4 Ke7 34. Rxh6 Nf6 35. Rg7+ Kf8 36. Rxb7 Ng8 37. Rhh7 Nf6 38. Rhf7+ 1-0

[Event "Pion Frigant U1700"]
[Site "Contrecoeur CAN"]
[Date "2023.10.08"]
[Round "5.39"]
[White "Fallet, Maurice"]
[Black "Breton, Jules"]
[Result "1-0"]
[WhiteElo "1348"]
[BlackElo "1399"]
[PlyCount "103"]
[EventDate "2023.10.06"]
[EventType "swiss"]
[EventRounds "5"]
[EventCountry "CAN"]

1. d4 e6 2. c4 d5 3. g3 c5 4. Nf3 Nc6 5. e3 Nf6 6. cxd5 exd5 7. Bg2 Be7 8. dxc5
Qa5+ 9. Bd2 Qxc5 10. Bc3 Qd6 11. Nbd2 O-O 12. O-O Bg4 13. Qb3 Qc7 14. Rac1 Qd7
15. Qc2 Rac8 16. Qa4 Bf5 17. Rfd1 Rfd8 18. Qb3 Qe8 19. Nd4 Nxd4 20. Bxd4 b6 21.
Bxf6 Bxf6 22. Bxd5 Be6 23. Bxe6 fxe6 24. Ne4 Rxc1 25. Rxc1 Rd7 26. Nxf6+ gxf6
27. Qc3 Kf7 28. Kf1 Qd8 29. Qc2 f5 30. Ke1 Qa8 31. Qc6 Qd8 32. Qc3 Kg6 33. Qc6
Qe7 34. Qc3 Rb7 35. Ke2 b5 36. Qc5 Qg7 37. Qc3 Qf7 38. Qe5 Kh6 39. Rc6 Re7 40.
Qf4+ Kg6 41. Qe5 h5 42. Rd6 Rc7 43. Kd2 Qe7 44. Qd4 Rc5 45. b4 Rd5 46. Qxd5 Kf6
47. Qd4+ Kg6 48. Rd7 Qf8 49. a3 Qg8 50. Rxa7 e5 51. Ra6+ Kh7 52. Qd7+ 1-0

[Event "Pion Frigant U1700"]
[Site "Contrecoeur CAN"]
[Date "2023.10.08"]
[Round "5.40"]
[White "Hebert, Pierre"]
[Black "Hake, Dylan"]
[Result "0-1"]
[WhiteElo "1399"]
[BlackElo "1289"]
[PlyCount "100"]
[EventDate "2023.10.06"]
[EventType "swiss"]
[EventRounds "5"]
[EventCountry "CAN"]

1. c4 Nf6 2. Nc3 e6 3. d4 Bb4 4. Bd2 O-O 5. Nf3 d5 6. cxd5 exd5 7. g3 Bg4 8.
Bg2 c6 9. O-O Na6 10. a3 Bd6 11. Bg5 Nc7 12. Qc2 h6 13. Bxf6 Qxf6 14. Rfe1 Bxf3
15. Bxf3 Qxd4 16. Rad1 Qf6 17. Bg2 Be5 18. e4 Bxc3 19. bxc3 Rfe8 20. exd5 Rxe1+
21. Rxe1 Nxd5 22. Bxd5 cxd5 23. Qb3 Qc6 24. Rd1 Rd8 25. Rd4 Rd7 26. a4 g6 27.
c4 dxc4 28. Qxc4 Qxc4 29. Rxc4 Kg7 30. Kf1 Re7 31. f4 b6 32. Kf2 f5 33. h4 Kf6
34. Rc6+ Re6 35. Rc4 Re4 36. Rc6+ Re6 37. Rc4 g5 38. Kf3 gxh4 39. gxh4 Kg6 40.
Rc2 Re4 41. Ra2 Kh5 42. Ra1 a6 43. Ra2 Rb4 44. Ra1 Rb3+ 45. Kf2 Kxh4 46. Rh1+
Kg4 47. Rxh6 Kxf4 48. Rh4+ Ke5 49. Rh8 a5 50. Re8+ Kf4 0-1

[Event "Pion Frigant U2000"]
[Site "Contrecoeur CAN"]
[Date "2023.10.06"]
[Round "1.9"]
[White "Morin, Maxime"]
[Black "Janelle, Karl"]
[Result "1/2-1/2"]
[WhiteElo "1717"]
[BlackElo "1962"]
[PlyCount "86"]
[EventDate "2023.10.06"]
[EventType "swiss"]
[EventRounds "5"]
[EventCountry "CAN"]

1. e4 c5 2. Nf3 d6 3. Bb5+ Bd7 4. Bxd7+ Qxd7 5. O-O Nf6 6. Re1 Nc6 7. c3 e6 8.
d4 d5 9. e5 Ne4 10. Nbd2 Nxd2 11. Bxd2 Be7 12. Rc1 O-O 13. Qe2 Rfc8 14. dxc5
Bxc5 15. Be3 Qe7 16. Rcd1 b5 17. Qxb5 Bxe3 18. Rxe3 Rab8 19. Qe2 Qd7 20. b3 a5
21. Nd4 Ne7 22. Qh5 Ng6 23. Rh3 Nf8 24. f4 g6 25. Qh6 Qe7 26. g4 f6 27. exf6
Qxf6 28. f5 exf5 29. gxf5 Rb7 30. Kh1 Rg7 31. Rg3 Rcc7 32. Rdg1 Rce7 33. h4 Qe5
34. fxg6 Qe4+ 35. Kh2 Rxg6 36. Rxg6+ Nxg6 37. Qg5 Rf7 38. h5 Rf2+ 39. Rg2 Rxg2+
40. Qxg2 Qh4+ 41. Qh3 Qf2+ 42. Qg2 Qh4+ 43. Qh3 Qf2+ 1/2-1/2

[Event "Pion Frigant U2000"]
[Site "Contrecoeur CAN"]
[Date "2023.10.06"]
[Round "1.12"]
[White "Chouchane, Amine"]
[Black "Dumoulin, Sylvain"]
[Result "1-0"]
[WhiteElo "1957"]
[BlackElo "1726"]
[PlyCount "119"]
[EventDate "2023.10.06"]
[EventType "swiss"]
[EventRounds "5"]
[EventCountry "CAN"]

1. e4 e6 2. d4 d5 3. Nc3 Nf6 4. Bg5 Bb4 5. e5 h6 6. Be3 Ne4 7. Qg4 g6 8. Bd3 h5
9. Qf3 Nxc3 10. a3 Ba5 11. Bd2 c5 12. bxc3 c4 13. Be2 Bd7 14. Nh3 Qe7 15. Bg5
Qf8 16. Bf6 Nc6 17. O-O Rg8 18. Rfb1 Rb8 19. Ng5 Bd8 20. h4 Bxf6 21. Nh7 Qg7
22. Nxf6+ Kd8 23. Nxg8 Qxg8 24. a4 Qg7 25. Qf4 Kc7 26. a5 a6 27. Bf3 Ne7 28. g3
Bb5 29. Bg2 Rg8 30. Qg5 Kd7 31. Bh3 Rf8 32. Re1 Re8 33. Qc1 Kc7 34. Rb1 Nc6 35.
Qa3 Qf8 36. Qxf8 Rxf8 37. Ra1 Kd7 38. Kg2 Ke7 39. g4 Rh8 40. Kg3 Na7 41. gxh5
Rxh5 42. Bg4 Rh7 43. Rh1 Be8 44. Kf4 Nb5 45. Rh3 Nc7 46. Rb1 Bb5 47. h5 gxh5
48. Rxh5 Rxh5 49. Bxh5 Bc6 50. Ke3 Nb5 51. Kd2 Na7 52. f4 Bb5 53. Rg1 Be8 54.
Rg8 Nc6 55. Ke3 Nxa5 56. f5 Nc6 57. fxe6 Nd8 58. exf7 Nxf7 59. Rxe8+ Kxe8 60.
e6 1-0

[Event "Pion Frigant U2000"]
[Site "Contrecoeur CAN"]
[Date "2023.10.06"]
[Round "1.13"]
[White "Mangahas, Ronald"]
[Black "Pelletier, Arnaud"]
[Result "1/2-1/2"]
[WhiteElo "1873"]
[BlackElo "1710"]
[PlyCount "117"]
[EventDate "2023.10.06"]
[EventType "swiss"]
[EventRounds "5"]
[EventCountry "CAN"]

1. e4 c5 2. Nf3 d6 3. d4 cxd4 4. Nxd4 Nf6 5. Nc3 a6 6. Bc4 e6 7. Bb3 Be7 8. O-O
O-O 9. f4 Qc7 10. Kh1 Nc6 11. f5 e5 12. Nde2 d5 13. Nxd5 Nxd5 14. Bxd5 Rd8 15.
Ng3 b5 16. Qg4 Bf8 17. Nh5 Kh8 18. Bg5 Rd6 19. Qg3 Rb8 20. Be3 Nb4 21. Bb3 Nxc2
22. Rac1 Rc6 23. Bd2 Nd4 24. Rxc6 Qxc6 25. Bb4 Qe8 26. Bxf8 Qxf8 27. Qxe5 Nc6
28. Qc7 Bb7 29. Bd5 Ba8 30. Rc1 Ne7 31. f6 gxf6 32. Qf4 Bxd5 33. Qxf6+ Kg8 34.
exd5 Rd8 35. Qg5+ Ng6 36. Nf6+ Kg7 37. Ng4 Qd6 38. h4 Qf4 39. Qxf4 Nxf4 40. Ne3
Nd3 41. Rc6 Nb4 42. Rb6 Nxd5 43. Nxd5 Rxd5 44. Rxa6 Rd4 45. Ra5 Rxh4+ 46. Kg1
Rb4 47. b3 f6 48. Kf2 Kg6 49. Kf3 h5 50. g3 f5 51. Kf2 Kg5 52. Ra8 Re4 53. Rg8+
Kf6 54. Rb8 b4 55. Rc8 h4 56. Rc6+ Kg5 57. gxh4+ Rxh4 58. Rb6 Re4 59. Ra6
1/2-1/2

[Event "Pion Frigant U2000"]
[Site "Contrecoeur CAN"]
[Date "2023.10.06"]
[Round "1.14"]
[White "Kiryakov, Marin"]
[Black "Peloquin, Charli"]
[Result "0-1"]
[WhiteElo "1695"]
[BlackElo "1870"]
[PlyCount "74"]
[EventDate "2023.10.06"]
[EventType "swiss"]
[EventRounds "5"]
[EventCountry "CAN"]

1. e4 Nf6 2. e5 Nd5 3. d4 d6 4. Nf3 g6 5. Bc4 Nb6 6. Bb3 Bg7 7. Ng5 e6 8. f4
dxe5 9. fxe5 c5 10. c3 cxd4 11. cxd4 Nc6 12. Nf3 O-O 13. O-O f6 14. Bf4 fxe5
15. Bxe5 Nxe5 16. dxe5 Qc7 17. Qe2 a5 18. Nbd2 a4 19. Rac1 Qe7 20. Bc4 Bd7 21.
Qe3 Nxc4 22. Nxc4 Bc6 23. a3 Rac8 24. Nd6 Rcd8 25. Ne4 Rd5 26. Nc3 Rd7 27. Rcd1
Rfd8 28. Rxd7 Rxd7 29. Qf4 Qc5+ 30. Kh1 Rf7 31. Qg4 Qxe5 32. Nxa4 Qb5 33. Rd1
Qxa4 34. Rd8+ Bf8 35. Qxe6 Qe4 36. Qb3 Ba4 37. Qa2 h6 0-1

[Event "Pion Frigant U2000"]
[Site "Contrecoeur CAN"]
[Date "2023.10.06"]
[Round "1.15"]
[White "Couture, Jonathan"]
[Black "Hudon, Paul"]
[Result "1-0"]
[WhiteElo "1830"]
[BlackElo "1669"]
[PlyCount "91"]
[EventDate "2023.10.06"]
[EventType "swiss"]
[EventRounds "5"]
[EventCountry "CAN"]

1. e4 c5 2. Nf3 Nc6 3. Bb5 g6 4. Bxc6 dxc6 5. d3 Bg7 6. a4 e5 7. Be3 Qd6 8. Na3
b6 9. Nc4 Qc7 10. a5 b5 11. Ncd2 Qd6 12. Nb3 c4 13. dxc4 Qb4+ 14. Qd2 Qxc4 15.
O-O-O Bg4 16. h3 Bxf3 17. Qd7+ Kf8 18. gxf3 Bf6 19. Bc5+ Kg7 20. Qb7 Bg5+ 21.
Kb1 Nf6 22. h4 Rhb8 23. Qxc6 Rc8 24. Qd6 Bf4 25. Rd3 Qe6 26. Qxe6 fxe6 27. Rd6
Kf7 28. Ra6 Nd7 29. Rxa7 Rxa7 30. Bxa7 Ra8 31. Be3 Bxe3 32. fxe3 Ke7 33. Rd1
Rc8 34. Rd3 Nc5 35. Nxc5 Rxc5 36. Rc3 Rxc3 37. bxc3 Kd7 38. c4 Kc6 39. Kb2 bxc4
40. Kc3 Kb5 41. a6 Kxa6 42. Kxc4 Kb6 43. Kb4 Kc6 44. Kc4 h6 45. f4 Kb6 46. f5
1-0

[Event "Pion Frigant U2000"]
[Site "Contrecoeur CAN"]
[Date "2023.10.06"]
[Round "1.16"]
[White "Moisescu, George"]
[Black "Cote, Etienne"]
[Result "0-1"]
[WhiteElo "1657"]
[BlackElo "1817"]
[PlyCount "114"]
[EventDate "2023.10.06"]
[EventType "swiss"]
[EventRounds "5"]
[EventCountry "CAN"]

1. d4 Nf6 2. Nf3 g6 3. e3 Bg7 4. Be2 O-O 5. O-O d6 6. b3 Nfd7 7. Bb2 e5 8. dxe5
dxe5 9. e4 Na6 10. Re1 Nac5 11. Bf1 c6 12. Nc3 Qc7 13. Qd2 Re8 14. Rad1 Nf8 15.
h3 b5 16. b4 Ncd7 17. a4 a6 18. Ra1 Rb8 19. Red1 Ne6 20. axb5 axb5 21. Qe3 Nb6
22. Nb1 Na4 23. Bc3 Nxc3 24. Qxc3 f5 25. Nbd2 Nd4 26. Qb2 Nxf3+ 27. gxf3 Qe7
28. Bg2 Qh4 29. Qb3+ Be6 30. Qe3 f4 31. Qe1 Bxh3 32. Bxh3 Qxh3 33. Qf1 Qe6 34.
Ra6 Bf8 35. c3 Red8 36. Kh2 Rd6 37. Ra7 Rbd8 38. Qe2 Qf6 39. Raa1 Qh4+ 40. Kg1
g5 41. Kg2 Qh5 42. Nb3 Qf7 43. Na5 h5 44. Rxd6 Rxd6 45. Rd1 Rg6 46. Kh2 g4 47.
Rg1 Qf6 48. Rg2 Qh4+ 49. Kg1 g3 50. fxg3 fxg3 51. Qd2 Rd6 52. Qe1 Rg6 53. Qd1
Qf4 54. Qd2 Rd6 55. Qe1 h4 56. Nb3 Qe3+ 57. Kf1 Qxf3+ 0-1

[Event "Pion Frigant U2000"]
[Site "Contrecoeur CAN"]
[Date "2023.10.06"]
[Round "1.17"]
[White "Parenteau, Francois"]
[Black "Scott, Benjamin"]
[Result "0-1"]
[WhiteElo "1810"]
[BlackElo "1637"]
[PlyCount "98"]
[EventDate "2023.10.06"]
[EventType "swiss"]
[EventRounds "5"]
[EventCountry "CAN"]

1. e4 c6 2. d4 d5 3. exd5 cxd5 4. c4 Nf6 5. Nc3 Nc6 6. Nf3 Bg4 7. cxd5 Nxd5 8.
Qb3 Bxf3 9. gxf3 Nxc3 10. bxc3 Qb6 11. Be3 Qxb3 12. axb3 a6 13. b4 Rc8 14. b5
Nb8 15. Bf4 e6 16. Kd2 Be7 17. Bd3 O-O 18. h4 Rfd8 19. h5 Bf6 20. Rab1 a5 21.
Rhg1 Nd7 22. Rbe1 Nb6 23. Be5 Bxe5 24. Rxe5 Rd5 25. h6 g6 26. f4 Kh8 27. Ra1
Rxe5 28. fxe5 a4 29. c4 Nxc4+ 30. Bxc4 Rxc4 31. Kd3 Rb4 32. Kc3 Rb3+ 33. Kc4
Rh3 34. Rxa4 Rxh6 35. Kc5 Rh1 36. Ra7 h5 37. Rxb7 h4 38. Ra7 h3 39. Ra8+ Kg7
40. Ra3 h2 41. Rh3 Rc1+ 42. Kd6 h1=Q 43. Rxh1 Rxh1 44. b6 Rb1 45. Kc7 g5 46. b7
Kg6 47. b8=Q Rxb8 48. Kxb8 Kf5 49. Kc7 Ke4 0-1

[Event "Pion Frigant U2000"]
[Site "Contrecoeur CAN"]
[Date "2023.10.06"]
[Round "1.18"]
[White "Roy, Stephane"]
[Black "Marcouiller, David"]
[Result "1-0"]
[WhiteElo "1634"]
[BlackElo "1778"]
[PlyCount "45"]
[EventDate "2023.10.06"]
[EventType "swiss"]
[EventRounds "5"]
[EventCountry "CAN"]

1. Nf3 d5 2. e3 Nf6 3. b3 Bf5 4. Bb2 Nbd7 5. c4 c6 6. Nc3 e6 7. d4 Bd6 8. Bd3
Bg4 9. Qc2 e5 10. h3 Bh5 11. Bf5 Qa5 12. Bxd7+ Nxd7 13. a3 dxc4 14. bxc4 O-O
15. Qf5 Bxf3 16. gxf3 Rad8 17. f4 Qb6 18. O-O-O exd4 19. Rxd4 Nc5 20. Ne4 Nb3+
21. Kd1 Nxd4 22. Nf6+ gxf6 23. Rg1+ 1-0

[Event "Pion Frigant U2000"]
[Site "Contrecoeur CAN"]
[Date "2023.10.06"]
[Round "1.19"]
[White "Bouchard, Jean-Marc"]
[Black "Duplessis, Jean-Roch"]
[Result "1-0"]
[WhiteElo "1775"]
[BlackElo "1619"]
[PlyCount "75"]
[EventDate "2023.10.06"]
[EventType "swiss"]
[EventRounds "5"]
[EventCountry "CAN"]

1. b3 Nf6 2. Bb2 c5 3. e3 Nc6 4. f4 d5 5. Nf3 Bg4 6. h3 Bxf3 7. Qxf3 e6 8. g3
Be7 9. d3 Qa5+ 10. Bc3 Qc7 11. Bg2 O-O 12. O-O d4 13. Bb2 Nd5 14. e4 Ne3 15.
Rc1 Nxg2 16. Kxg2 e5 17. f5 Bg5 18. Rf1 f6 19. Qe2 Rac8 20. a4 a6 21. Nd2 Bxd2
22. Qxd2 b5 23. Qe2 b4 24. Bc1 Nd8 25. Bd2 a5 26. Rf2 Qf7 27. Raf1 Rc6 28. Qg4
h5 29. Qh4 g5 30. fxg6 Qxg6 31. Rf5 Rf7 32. Rxh5 Rh7 33. Rff5 Rcc7 34. Rxh7
Qxh7 35. Qxf6 Nf7 36. Qe6 Kh8 37. Bg5 Qh5 38. Bf6+ 1-0

[Event "Pion Frigant U2000"]
[Site "Contrecoeur CAN"]
[Date "2023.10.06"]
[Round "1.20"]
[White "St-Germain, Jack"]
[Black "Couture-Harpin, Nicolas"]
[Result "1-0"]
[WhiteElo "1603"]
[BlackElo "1746"]
[PlyCount "143"]
[EventDate "2023.10.06"]
[EventType "swiss"]
[EventRounds "5"]
[EventCountry "CAN"]

1. e4 Nf6 2. e5 Nd5 3. d4 d6 4. c4 Nb6 5. f4 dxe5 6. fxe5 Bf5 7. Be3 e6 8. Nc3
Be7 9. Nf3 Nc6 10. Be2 O-O 11. O-O f6 12. exf6 Bxf6 13. Rc1 Qe7 14. Qd2 Rad8
15. Rfd1 e5 16. d5 Nd4 17. Bxd4 exd4 18. Nb5 c5 19. Bd3 Bg4 20. Re1 Qf7 21. Ng5
Bxg5 22. Qxg5 Qf2+ 23. Kh1 Rde8 24. Rf1 Qe3 25. Rxf8+ Rxf8 26. Qxe3 dxe3 27. h3
Bf5 28. Be2 Be4 29. Rf1 Rxf1+ 30. Bxf1 Bb1 31. a3 Ba2 32. Nd6 Kf8 33. b4 cxb4
34. axb4 Ke7 35. Nf5+ Kf6 36. Nxe3 Ke5 37. d6 a6 38. c5 Nd7 39. Bc4 Bb1 40.
Ng4+ Kf4 41. Be6 Bf5 42. g3+ Kg5 43. Bxd7 Bxd7 44. Ne5 Bxh3 45. g4 Kf6 46. Kh2
Bf1 47. Nd7+ Kf7 48. Kg3 Bb5 49. Ne5+ Ke6 50. Kf4 h6 51. Ke4 Be8 52. Nc4 Bc6+
53. Kf4 g6 54. g5 Bd5 55. gxh6 g5+ 56. Kxg5 Be4 57. Na5 b6 58. cxb6 Kxd6 59. b7
Kc7 60. Kf6 Bd3 61. Kg7 Bf5 62. h7 Bxh7 63. Kxh7 Kb8 64. Kg7 Kc7 65. Kf7 Kb8
66. Ke6 Kc7 67. Ke7 Kb8 68. Kd6 Ka7 69. b5 Kb8 70. bxa6 Ka7 71. Kc7 Kxa6 72.
b8=Q 1-0

[Event "Pion Frigant U2000"]
[Site "Contrecoeur CAN"]
[Date "2023.10.06"]
[Round "1.21"]
[White "Dufresne, Christophe"]
[Black "Auersperg, Leo"]
[Result "0-1"]
[WhiteElo "1745"]
[BlackElo "1590"]
[PlyCount "76"]
[EventDate "2023.10.06"]
[EventType "swiss"]
[EventRounds "5"]
[EventCountry "CAN"]

1. e4 c6 2. d4 d5 3. e5 Bf5 4. h4 h5 5. Bd3 Bxd3 6. Qxd3 Qa5+ 7. Bd2 Qa6 8.
Qxa6 Nxa6 9. Ne2 e6 10. c3 Ne7 11. b3 Nf5 12. Ng3 Nxg3 13. fxg3 c5 14. Be3 Rc8
15. Rf1 cxd4 16. Bxd4 Bc5 17. Kd2 Ke7 18. Rf3 Rc7 19. a4 Rhc8 20. Na3 Bxd4 21.
cxd4 f6 22. Raf1 f5 23. Re3 Nb4 24. Ref3 a6 25. Rf4 Nc2 26. Nb1 Nb4 27. Na3 Na2
28. R4f3 Nc3 29. Re1 Ne4+ 30. Ke3 g5 31. hxg5 Nxg5 32. Rf2 Rc3+ 33. Kf4 Rxb3
34. Kxg5 Rg8+ 35. Kh4 Rbxg3 36. Rf3 R8g4+ 37. Kxh5 Rxg2 38. Ree3 Rg8 0-1

[Event "Pion Frigant U2000"]
[Site "Contrecoeur CAN"]
[Date "2023.10.06"]
[Round "1.22"]
[White "Porlier, Xavier"]
[Black "Brassard, Sylvain"]
[Result "0-1"]
[WhiteElo "1557"]
[BlackElo "1739"]
[PlyCount "114"]
[EventDate "2023.10.06"]
[EventType "swiss"]
[EventRounds "5"]
[EventCountry "CAN"]

1. e4 d5 2. exd5 Qxd5 3. Nc3 Qd6 4. Nf3 Nf6 5. Bc4 a6 6. d3 b5 7. Bb3 Bb7 8. a3
e6 9. Bg5 Nbd7 10. Qe2 Be7 11. h3 c5 12. O-O-O O-O 13. Ne4 Nxe4 14. dxe4 Bxg5+
15. Nxg5 Qf4+ 16. Qd2 Qxd2+ 17. Rxd2 Nf6 18. e5 Nd5 19. c4 Nf4 20. f3 h6 21.
Ne4 Bxe4 22. fxe4 Rfd8 23. Rhd1 Rxd2 24. Rxd2 Kf8 25. Rd7 Nxg2 26. Rc7 Nf4 27.
Kd2 Nxh3 28. Rxc5 bxc4 29. Bxc4 a5 30. Ke3 g5 31. Kf3 Nf4 32. b4 axb4 33. axb4
Ra3+ 34. Kg4 Kg7 35. Rc8 Ng6 36. Rc5 Re3 37. b5 Rxe4+ 38. Kg3 Rxe5 39. b6 Rxc5
40. b7 Rxc4 41. b8=Q Rf4 42. Qd8 e5 43. Qc7 h5 44. Qd8 Kh6 45. Qd7 h4+ 46. Kh3
Kh5 47. Qe8 g4+ 48. Kh2 Rf2+ 49. Kh1 g3 50. Qd7 Kg5 51. Qd3 Kg4 52. Qe4+ Kh3
53. Qg2+ Kg4 54. Qe4+ Nf4 55. Kg1 f5 56. Qxe5 Nh3+ 57. Kh1 Rh2# 0-1

[Event "Pion Frigant U2000"]
[Site "Contrecoeur CAN"]
[Date "2023.10.06"]
[Round "1.23"]
[White "Democri, Fardin"]
[Black "Falcon, Luis"]
[Result "1-0"]
[WhiteElo "1739"]
[BlackElo "1480"]
[PlyCount "53"]
[EventDate "2023.10.06"]
[EventType "swiss"]
[EventRounds "5"]
[EventCountry "CAN"]

1. e4 d6 2. Nc3 Nf6 3. d4 g6 4. Bg5 Bg7 5. Qd2 c6 6. f3 b5 7. a3 Nbd7 8. Bd3 a6
9. Bh6 Bxh6 10. Qxh6 Qb6 11. Nce2 c5 12. c3 b4 13. axb4 cxb4 14. Qd2 bxc3 15.
bxc3 e5 16. Nh3 Nf8 17. Nf2 Ne6 18. O-O O-O 19. Rfb1 Qc7 20. Rb2 Bb7 21. Rba2
Qb6 22. Rb1 Qc7 23. f4 Rfb8 24. f5 Ng7 25. Qh6 gxf5 26. Qxf6 fxe4 27. Nxe4 1-0

[Event "Pion Frigant U2000"]
[Site "Contrecoeur CAN"]
[Date "2023.10.07"]
[Round "2.11"]
[White "Brassard, Sylvain"]
[Black "Chouchane, Amine"]
[Result "0-1"]
[WhiteElo "1739"]
[BlackElo "1057"]
[PlyCount "74"]
[EventDate "2023.10.06"]
[EventType "swiss"]
[EventRounds "5"]
[EventCountry "CAN"]

1. d4 d5 2. Nf3 Nf6 3. c3 g6 4. Bf4 Bg7 5. h3 O-O 6. e3 c5 7. Nbd2 Nc6 8. Bd3
Re8 9. O-O Nd7 10. Re1 Qb6 11. Qb3 e5 12. Qxb6 axb6 13. dxe5 Ndxe5 14. Bb5 f6
15. e4 Nxf3+ 16. gxf3 dxe4 17. fxe4 Bxh3 18. Bc7 Rec8 19. Bxb6 Bf8 20. Bc4+ Kg7
21. Bd5 Bd7 22. Nb3 Ne5 23. Bxb7 Nf3+ 24. Kh1 Nxe1 25. Bxa8 Nd3 26. Bd5 Nxf2+
27. Kg2 Ng4 28. c4 h5 29. a4 h4 30. a5 Bd6 31. a6 Ne3+ 32. Kh1 Bg4 33. a7 Bf3+
34. Kg1 Bg3 35. a8=Q Rxa8 36. Bxa8 h3 37. Ra7+ Kh6 0-1

[Event "Pion Frigant U2000"]
[Site "Contrecoeur CAN"]
[Date "2023.10.07"]
[Round "2.12"]
[White "Peloquin, Charli"]
[Black "Democri, Fardin"]
[Result "1-0"]
[WhiteElo "1870"]
[BlackElo "1739"]
[PlyCount "93"]
[EventDate "2023.10.06"]
[EventType "swiss"]
[EventRounds "5"]
[EventCountry "CAN"]

1. e4 c6 2. d4 d5 3. Nc3 dxe4 4. Nxe4 Nf6 5. Ng5 h6 6. N5f3 Bg4 7. Bc4 Nbd7 8.
h3 Bxf3 9. Nxf3 Qc7 10. Qe2 e6 11. Bd2 Bd6 12. Bb3 O-O-O 13. c4 Rde8 14. Bc2 e5
15. d5 cxd5 16. cxd5 Nxd5 17. Rc1 Nf4 18. Qb5 a6 19. Qa5 Qxa5 20. Bxa5 Kb8 21.
Rd1 e4 22. Nh4 Nd3+ 23. Bxd3 exd3+ 24. Kf1 Ne5 25. Nf5 Nc4 26. Nxd6 Nxd6 27.
Rxd3 Nc4 28. Bc3 Rd8 29. Rxd8+ Rxd8 30. Ke2 g6 31. b3 Nd6 32. Rd1 Re8+ 33. Kf3
Nb5 34. Bb2 Kc8 35. h4 h5 36. Rd2 Nc7 37. Kf4 Ne6+ 38. Ke5 Nc5+ 39. Kf6 Re4 40.
Kxf7 Rf4+ 41. Kxg6 Ne4 42. Rc2+ Kd7 43. f3 Nd6 44. Be5 Rxh4 45. Rd2 Ke6 46.
Bxd6 b5 47. Rd1 1-0

[Event "Pion Frigant U2000"]
[Site "Contrecoeur CAN"]
[Date "2023.11.01"]
[Round "2.13"]
[White "Scott, Benjamin"]
[Black "Couture, Jonathan"]
[Result "1/2-1/2"]
[WhiteElo "1637"]
[BlackElo "1830"]
[PlyCount "104"]
[EventDate "2023.10.06"]
[EventType "swiss"]
[EventRounds "5"]
[EventCountry "CAN"]

1. d4 d5 2. Nf3 e6 3. Bf4 c5 4. e3 cxd4 5. exd4 Nf6 6. c3 Qb6 7. Qb3 Nbd7 8. h3
Be7 9. Nbd2 O-O 10. Bd3 a6 11. Ne5 Nxe5 12. Bxe5 Qxb3 13. axb3 Bd7 14. b4 Bc6
15. O-O Nd7 16. Bg3 Rfe8 17. Rfe1 Bf6 18. Nf3 g6 19. Be5 Be7 20. Bc2 f6 21. Bg3
Kf7 22. Nd2 Bf8 23. f4 Bg7 24. Nf3 Nb6 25. Bb3 Bb5 26. Re3 Rac8 27. Bh2 h6 28.
g4 f5 29. gxf5 gxf5 30. Kf2 Nd7 31. Rg1 Rg8 32. Bg3 Bf6 33. Bh4 Rxg1 34. Kxg1
Bxh4 35. Nxh4 Rg8+ 36. Kf2 Nf6 37. Bc2 Ne4+ 38. Bxe4 fxe4 39. Ng2 Bc4 40. Rg3
b6 41. Rxg8 Kxg8 42. Ne3 Bb3 43. f5 Kf7 44. fxe6+ Kxe6 45. Kg3 Ba4 46. Ng4 h5
47. Ne3 a5 48. bxa5 bxa5 49. c4 dxc4 50. Nxc4 Bc2 51. Ne3 Bd3 52. Kf4 a4
1/2-1/2

[Event "Pion Frigant U2000"]
[Site "Contrecoeur CAN"]
[Date "2023.10.07"]
[Round "2.14"]
[White "Cote, Etienne"]
[Black "Roy, Stephane"]
[Result "0-1"]
[WhiteElo "1817"]
[BlackElo "1634"]
[PlyCount "58"]
[EventDate "2023.10.06"]
[EventType "swiss"]
[EventRounds "5"]
[EventCountry "CAN"]

1. e4 Nh6 2. d4 g6 3. Be3 d6 4. f3 f6 5. Bc4 Nc6 6. Nc3 Bg7 7. Qd2 Nf7 8. h4 e5
9. Bxf7+ Kxf7 10. d5 Ne7 11. g4 f5 12. gxf5 gxf5 13. f4 Rg8 14. O-O-O fxe4 15.
Nxe4 Ke8 16. Qe2 Bf5 17. Ng3 Qd7 18. Nxf5 Qxf5 19. fxe5 Qxe5 20. c4 Qe4 21. Bg5
Qxe2 22. Nxe2 Kd7 23. Bxe7 Kxe7 24. Nd4 Be5 25. Ne6 Rg2 26. b3 Rag8 27. Rdf1
Rxa2 28. Ng5 h6 29. Nf3 Rgg2 0-1